Química : estructura, comportamiento y transformaciones de la materia /
Guardado en:
| Autor Principal: | |
|---|---|
| Otros Autores: | , , , , |
| Formato: | Libro |
| Publicado: |
Buenos Aires :
Santillana,
2007
|
| Series: | Perspectivas
|
| Materias: | |
| Etiquetas: |
Agregar Etiqueta
Sin Etiquetas, Sea el primero en etiquetar este registro!
|
| LEADER | 02612nam a22004455a 4500 | ||
|---|---|---|---|
| 001 | CEM.cems012400 | ||
| 008 | 130507s2007##################000#0#####d | ||
| 005 | 20211215165017.0 | ||
| 003 | CEMS | ||
| 245 | 1 | 0 | |a Química : |b estructura, comportamiento y transformaciones de la materia / |c Mónica P. Alegría ; Ricardo Franco ; Mariana B. Jaul ; Edith Morales ; Alejandro J. Balbiano ; Agustín Adúriz-Bravo. |
| 260 | |a Buenos Aires : |b Santillana, |c 2007 | ||
| 300 | |a 288 p. | ||
| 490 | 0 | |a Perspectivas | |
| 505 | 0 | |a Introducción al estudio de la química -- El lenguaje de la química -- Química experimental -- La estructura de la materia -- Qué es la materia -- Los modelos atómicos y la radiactividad -- Los elementos químicos y la tabla periódica -- Las uniones químicas -- Los compuestos químicos -- Los compuestos orgánicos -- Los compuestos inorgánicos -- El comportamiento de la materia -- Los estados de la materia -- Partículas en dispersión -- Las transformaciones de la materia -- Características de las reacciones químicas -- Termodinámica, cinética y equilibrio de las reacciones químicas -- Estequiometría | |
| 020 | |a 9789504616818 | ||
| 100 | 1 | |a Alegría, Mónica P. | |
| 700 | 1 | |a Franco, Ricardo | |
| 700 | 1 | |a Jaul, Mariana B. | |
| 700 | 1 | |a Morales, Edith | |
| 700 | 1 | |a Balbiano, Alejandro | |
| 700 | 1 | |a Adúriz-bravo, Agustín | |
| 082 | 0 | 4 | |a 540 |
| 653 | |a Química general | ||
| 653 | |a Química | ||
| 859 | |a CEMS |b BIB. CEMS - 11 de abril |h 540 |i Al25 |p 23721.07 |t Ej.1 | ||
| 859 | |a CEMS |b BIB. CEMS - Agricultura |h 540 |i Al251 |p A1014.09 |t Ej.1 | ||
| 859 | |a CEMS |b BIB. CEMS - Agricultura |h 540 |i Al251 |p A1015.09 |t Ej.2 | ||
| 859 | |a CEMS |b BIB. CEMS - Agricultura |h 540 |i Al251 |p A1016.09 |t Ej.3 | ||
| 859 | |a CEMS |b BIB. CEMS - Agricultura |h 540 |i Al251 |p A1017.09 |t Ej.4 | ||
| 859 | |a CEMS |b BIB. CEMS - Agricultura |h 540 |i Al251 |p A1018.09 |t Ej.5 | ||
| 859 | |a CEMS |b BIB. CEMS - Agricultura |h 540 |i Al251 |p A1019.09 |t Ej.6 | ||
| 859 | |a CEMS |b BIB. CEMS - Agricultura |h 540 |i Al251 |p A1020.09 |t Ej.7 | ||
| 859 | |a CEMS |b BIB. CEMS - Agricultura |h 540 |i Al251 |p A1021.09 |t Ej.8 | ||
| 859 | |a CEMS |b BIB. CEMS - Agricultura |h 540 |i Al251 |p A1022.09 |t Ej.9 | ||
| 859 | |a CEMS |b BIB. CEMS - Agricultura |h 540 |i Al251 |p A1023.09 |t Ej.10 | ||
| 859 | |a CEMS |b BIB. CEMS - Agricultura |h 540 |i Al251 |p A1024.09 |t Ej.11 | ||
| 859 | |a CEMS |b BIB. CEMS - Agricultura |h 540 |i Al251 |p A1025.09 |t Ej.12 | ||
| 859 | |a CEMS |b BIB. CEMS - Agricultura |h 540 |i Al251 |p A1026.09 |t Ej.13 | ||
| 859 | |a CEMS |b BIB. CEMS - Agricultura |h 540 |i Al251 |p A1027.09 |t Ej.14 | ||
| 859 | |a CEMS |b BIB. CEMS - Agricultura |h 540 |i Al251 |p A1028.09 |t Ej.15 | ||
